[Event "Outaouais-ch Reserves"]
[Site "Gatineau CAN"]
[Date "2018.04.24"]
[Round "4"]
[White "Lemieux, Richard"]
[Black "Rioux, Jocelyn"]
[Result "1/2-1/2"]
[WhiteElo "1660"]
[BlackElo "1617"]
[PlyCount "136"]
[EventDate "2018.04.03"]
[EventType "swiss"]
[EventRounds "7"]
[EventCountry "CAN"]

1. e4 e6 2. Nc3 d5 3. d4 Nf6 4. Bg5 dxe4 5. Nxe4 Be7 6. Nxf6+ Bxf6 7. Bxf6 Qxf6
8. Nf3 O-O 9. Bd3 c5 10. c3 cxd4 11. Nxd4 e5 12. Ne2 Bg4 13. f3 Bf5 14. Bxf5
Qxf5 15. Ng3 Qg6 16. Qb3 Nc6 17. O-O b6 18. Rfe1 Rad8 19. Rad1 Rxd1 20. Rxd1
Rd8 21. Rxd8+ Nxd8 22. Ne4 Qe6 23. Qd1 Qe7 24. Qd5 Kf8 25. g4 f6 26. Kg2 Ne6
27. Qa8+ Kf7 28. Qb8 Nf4+ 29. Kf1 Ke6 30. Qg8+ Qf7 31. Qxf7+ Kxf7 32. Nd6+ Ke6
33. Nc8 Nd3 34. b4 Kd5 35. Nxa7 Kc4 36. Nc8 Kxc3 37. Nxb6 Kxb4 38. Nd5+ Ka3 39.
Nc3 Kb2 40. Nd5 Kxa2 41. Ke2 Nc5 42. Ke3 Kb3 43. Ne7 Kc4 44. h4 Ne6 45. h5 Nf4
46. Ke4 Kc5 47. Nf5 g6 48. hxg6 hxg6 49. Ne3 Kd6 50. Nc4+ Ke6 51. Ne3 Kf7 52.
g5 Ke6 53. gxf6 Nh5 54. Ng4 Nxf6+ 55. Nxf6 Kxf6 56. f4 Ke6 57. fxe5 g5 58. Kf3
Kxe5 59. Kg4 Kf6 60. Kg3 Kf5 61. Kf3 g4+ 62. Kg3 Kg5 63. Kg2 Kf4 64. Kf2 g3+
65. Kg2 Kg4 66. Kg1 Kf3 67. Kf1 g2+ 68. Kg1 Kg3 1/2-1/2

[Event "Outaouais-ch Reserves"]
[Site "Gatineau CAN"]
[Date "2018.04.24"]
[Round "4"]
[White "Pearce, Thomas"]
[Black "Berthiaume, Serge"]
[Result "0-1"]
[WhiteElo "1558"]
[BlackElo "1466"]
[PlyCount "82"]
[EventDate "2018.04.03"]
[EventType "swiss"]
[EventRounds "7"]
[EventCountry "CAN"]

1. d4 d5 2. c4 e6 3. Nc3 Nf6 4. e3 c6 5. Bd3 Na6 6. c5 b6 7. Bxa6 Bxa6 8. b4
Bc4 9. a4 bxc5 10. bxc5 Be7 11. Nge2 O-O 12. O-O Rb8 13. Re1 Qd7 14. Ng3 Bb3
15. Qf3 Bd8 16. a5 Bc7 17. Nh5 Nxh5 18. Qxh5 f5 19. f4 Rf6 20. Qh4 Rh6 21. Qf2
Bc4 22. g3 Qe8 23. h4 Qh5 24. Ne2 Rg6 25. Kh2 Rg4 26. Ng1 Bd8 27. Nf3 Bd3 28.
Kh3 Bc7 29. Ng5 Qe8 30. Rh1 h6 31. Nf3 Be4 32. Rh2 a6 33. Nd2 Bd3 34. Ra3 Bb5
35. Rh1 Qd8 36. Kg2 Bxa5 37. Nf1 Rg6 38. Rh3 Bb4 39. Ra1 Bc3 40. Rb1 Bxf1+ 41.
Qxf1 Rxb1 0-1

[Event "Outaouais-ch Reserves"]
[Site "Gatineau CAN"]
[Date "2018.04.24"]
[Round "4"]
[White "Raymond, Robert"]
[Black "Lepine, Louis"]
[Result "1-0"]
[WhiteElo "1292"]
[BlackElo "1005"]
[PlyCount "47"]
[EventDate "2018.04.03"]
[EventType "swiss"]
[EventRounds "7"]
[EventCountry "CAN"]

1. e4 e5 2. Nf3 Nc6 3. Bb5 Bd6 4. O-O a6 5. Ba4 Nf6 6. Re1 O-O 7. c3 b5 8. Bc2
Bc5 9. h3 d6 10. d4 exd4 11. cxd4 Bb4 12. Bd2 a5 13. a3 Bxd2 14. Qxd2 Be6 15.
d5 Nxe4 16. Bxe4 f5 17. Bc2 Qf6 18. dxe6 Rae8 19. Nc3 Rxe6 20. Bb3 Rfe8 21.
Bxe6+ Kh8 22. Bd5 b4 23. Rxe8+ Qf8 24. Rxf8# 1-0

[Event "Outaouais-ch Reserves"]
[Site "Gatineau CAN"]
[Date "2018.04.24"]
[Round "4"]
[White "Seguin, Hubert"]
[Black "Ramesh, Sanjay"]
[Result "1-0"]
[WhiteElo "1544"]
[BlackElo "1400"]
[PlyCount "53"]
[EventDate "2018.04.03"]
[EventType "swiss"]
[EventRounds "7"]
[EventCountry "CAN"]

1. e4 e5 2. Nf3 Nc6 3. Bb5 Nf6 4. O-O Bc5 5. Nxe5 Nxe5 6. d4 Bxd4 7. Qxd4 Nc6
8. Qc3 O-O 9. Re1 Re8 10. Bg5 h6 11. Bxf6 Qxf6 12. Qxf6 gxf6 13. Nc3 a6 14. Ba4
Ne7 15. Rad1 c6 16. Rd6 Kg7 17. Re3 a5 18. Bb3 b6 19. Rf3 Ng8 20. Rg3+ Kf8 21.
f3 Ke7 22. Rd4 Bb7 23. Rg7 d5 24. exd5 Kf8 25. Rdg4 Ne7 26. d6 Ng6 27. Rxf7+
1-0

[Event "Outaouais-ch Reserves"]
[Site "Gatineau CAN"]
[Date "2018.05.01"]
[Round "5"]
[White "Arcand, Pierre"]
[Black "Berthiaume, Maxime"]
[Result "1-0"]
[WhiteElo "1173"]
[BlackElo "948"]
[PlyCount "59"]
[EventDate "2018.04.03"]
[EventType "swiss"]
[EventRounds "7"]
[EventCountry "CAN"]

1. e4 c6 2. Nf3 d5 3. exd5 cxd5 4. Bb5+ Bd7 5. Bxd7+ Qxd7 6. d4 e6 7. O-O Nc6
8. Re1 Bd6 9. Ne5 Qc7 10. Nf3 O-O-O 11. Nc3 Nh6 12. Nb5 Qb6 13. Nxd6+ Rxd6 14.
Bf4 Rdd8 15. Rb1 Rdg8 16. Ne5 g5 17. Nxc6 Rg7 18. Be5 Rhg8 19. Ne7+ Kd7 20.
Nxg8 Rxg8 21. Qd3 Rg6 22. b3 f6 23. Bg3 Nf5 24. f4 gxf4 25. Bf2 h5 26. a4 a6
27. Qf3 h4 28. Qxf4 Nd6 29. Qxh4 Ne4 30. Qh7+ 1-0

[Event "Outaouais-ch Reserves"]
[Site "Gatineau CAN"]
[Date "2018.05.01"]
[Round "5"]
[White "Berthiaume, Serge"]
[Black "Danilov, Alex"]
[Result "1-0"]
[WhiteElo "1466"]
[BlackElo "1667"]
[PlyCount "71"]
[EventDate "2018.04.03"]
[EventType "swiss"]
[EventRounds "7"]
[EventCountry "CAN"]

1. e4 c5 2. Bc4 e6 3. Nc3 Nc6 4. Nf3 d6 5. d3 Be7 6. O-O Nf6 7. Qe1 O-O 8. a3
a6 9. Nd2 b5 10. Ba2 Bb7 11. f4 b4 12. Ne2 d5 13. e5 Ng4 14. Qg3 h5 15. h3 Nh6
16. Nf3 Nf5 17. Qe1 d4 18. Ng3 Ne3 19. Bxe3 dxe3 20. Qxe3 Nd4 21. Nxd4 cxd4 22.
Qe2 h4 23. Ne4 Rc8 24. axb4 Bxb4 25. Ng5 Bd5 26. Qh5 Re8 27. Qh7+ Kf8 28. Qh8+
Ke7 29. Qxg7 Rf8 30. Bxd5 Qxd5 31. Rxa6 Rxc2 32. Nh7 Ke8 33. Nxf8 Bxf8 34. Qg8
Qb7 35. Rfa1 Rc7 36. Ra7 1-0

[Event "Outaouais-ch Reserves"]
[Site "Gatineau CAN"]
[Date "2018.05.01"]
[Round "5"]
[White "Celac, Jasmine"]
[Black "Celac, Ekaterina"]
[Result "0-1"]
[WhiteElo "1028"]
[BlackElo "1251"]
[PlyCount "38"]
[EventDate "2018.04.03"]
[EventType "swiss"]
[EventRounds "7"]
[EventCountry "CAN"]

1. e4 e5 2. d4 Nc6 3. Bc4 exd4 4. Ne2 Bc5 5. c3 Nf6 6. f3 dxc3 7. Nexc3 d6 8.
Qe2 O-O 9. Rf1 Be6 10. Bxe6 fxe6 11. Be3 Bxe3 12. Qxe3 d5 13. Qd3 Nb4 14. Qb5
Nc2+ 15. Kd1 Nxa1 16. Kd2 dxe4+ 17. Qd3 exd3 18. Re1 Nc2 19. Re3 Nxe3 0-1

[Event "Outaouais-ch Reserves"]
[Site "Gatineau CAN"]
[Date "2018.05.01"]
[Round "5"]
[White "Ethier, Valori"]
[Black "Simard, Paul"]
[Result "1-0"]
[WhiteElo "1341"]
[BlackElo "1200"]
[PlyCount "87"]
[EventDate "2018.04.03"]
[EventType "swiss"]
[EventRounds "7"]
[EventCountry "CAN"]

1. e4 e5 2. Bc4 d6 3. d3 Nf6 4. f4 exf4 5. Bxf4 Be7 6. h3 O-O 7. Nf3 Nc6 8. a3
a6 9. c3 b5 10. Ba2 Be6 11. O-O Bxa2 12. Rxa2 Nh5 13. Bh2 Nf6 14. b4 Nb8 15.
Raf2 Nbd7 16. Nd4 Ne5 17. Bxe5 dxe5 18. Nc6 Qd7 19. Nxe5 Qd6 20. Nf3 Qg3 21.
Qe2 Rae8 22. d4 c6 23. Nbd2 Qc7 24. Kh1 Nh5 25. Qd3 Ng3+ 26. Kg1 Nxf1 27. Kxf1
h6 28. e5 f6 29. Ne4 fxe5 30. Nxe5 Rxf2+ 31. Nxf2 Bh4 32. g3 Bf6 33. Qg6 Bxe5
34. Qxe8+ Kh7 35. dxe5 Qb6 36. Qd7 Qe3 37. Qf5+ Kg8 38. e6 Qg5 39. Qxg5 hxg5
40. Ne4 Kf8 41. Nxg5 Ke7 42. Kf2 Kf6 43. Ke3 Kxg5 44. e7 1-0

[Event "Outaouais-ch Reserves"]
[Site "Gatineau CAN"]
[Date "2018.05.01"]
[Round "5"]
[White "Labrie, Dany"]
[Black "Pearce, Thomas"]
[Result "1-0"]
[WhiteElo "1298"]
[BlackElo "1558"]
[PlyCount "55"]
[EventDate "2018.04.03"]
[EventType "swiss"]
[EventRounds "7"]
[EventCountry "CAN"]

1. e4 Nf6 2. Nc3 d6 3. Bc4 e5 4. Nge2 c6 5. d3 b5 6. Nxb5 cxb5 7. Bxb5+ Nbd7 8.
h3 Be7 9. O-O Bb7 10. Kh1 O-O 11. f4 Qc7 12. d4 Bxe4 13. Nc3 Bb7 14. Re1 Nd5
15. Ne4 h6 16. c3 f5 17. fxe5 f4 18. Qg4 Bc8 19. Qe6+ Kh8 20. Qxd5 Nb6 21. Qb3
Bb7 22. Bd3 Bxe4 23. Bxe4 Rad8 24. Qd1 dxe5 25. Qg4 g5 26. Qh5 Bf6 27. Qxh6+
Qh7 28. Qxh7# 1-0

[Event "Outaouais-ch Reserves"]
[Site "Gatineau CAN"]
[Date "2018.05.01"]
[Round "5"]
[White "Lepine, Louis"]
[Black "Traversy, Pierre"]
[Result "0-1"]
[WhiteElo "1005"]
[BlackElo "1226"]
[PlyCount "104"]
[EventDate "2018.04.03"]
[EventType "swiss"]
[EventRounds "7"]
[EventCountry "CAN"]

1. e4 c5 2. Bc4 e6 3. Nf3 Nc6 4. c3 Be7 5. d4 cxd4 6. cxd4 h6 7. O-O d6 8. Re1
Rb8 9. Nc3 a6 10. d5 Ne5 11. b3 b5 12. Bd3 Nxd3 13. Qxd3 e5 14. Rb1 Nf6 15. h3
Bd7 16. Nh4 Rc8 17. Rf1 Ng8 18. Nf5 Bxf5 19. exf5 Bf6 20. g4 Ne7 21. Bb2 O-O
22. Ne4 Bh4 23. Rbd1 Qb6 24. Qf3 f6 25. Ba3 Rcd8 26. Kh2 b4 27. Bc1 g5 28. Be3
Qb5 29. Rg1 Nxd5 30. Ng3 Nxe3 31. fxe3 Bxg3+ 32. Kxg3 d5 33. a4 Qc5 34. Rc1 Qe7
35. e4 d4 36. Rcd1 Rc8 37. h4 Rc3 38. Rd3 Rfc8 39. hxg5 hxg5 40. Rh1 Rxd3 41.
Qxd3 Rc3 42. Qxc3 dxc3 43. Rh6 c2 44. Rg6+ Qg7 45. Rxg7+ Kxg7 46. a5 c1=Q 47.
Kf3 Qc3+ 48. Ke2 Qb2+ 49. Ke3 Qxb3+ 50. Ke2 Qh3 51. Kd2 Qc3+ 52. Ke2 b3 0-1

[Event "Outaouais-ch Reserves"]
[Site "Gatineau CAN"]
[Date "2018.05.01"]
[Round "5"]
[White "Masse-Garneau, Anthony"]
[Black "Lecorre, Joel"]
[Result "1-0"]
[WhiteElo "1549"]
[BlackElo "1515"]
[PlyCount "91"]
[EventDate "2018.04.03"]
[EventType "swiss"]
[EventRounds "7"]
[EventCountry "CAN"]

1. d4 Nf6 2. c4 e5 3. dxe5 Ng4 4. Bf4 Bb4+ 5. Nd2 Qe7 6. Ngf3 Nc6 7. e3 Ngxe5
8. Be2 d6 9. O-O Bg4 10. Nxe5 Bxe2 11. Nxc6 Bxd1 12. Nxe7 Be2 13. Nd5 Bxd2 14.
Nxc7+ Kd7 15. Nxa8 Bxf1 16. Rxf1 Rxa8 17. Rd1 Ba5 18. Bxd6 Ke8 19. b4 Bd8 20.
c5 Bf6 21. Kf1 Rd8 22. Ke2 Bb2 23. Kd3 b6 24. Kc4 bxc5 25. bxc5 Ba3 26. Rd3 Bb2
27. Rb3 Bf6 28. Rb8 a6 29. Kb4 Be7 30. Rxd8+ Bxd8 31. c6 Bb6 32. a4 Kd8 33. a5
Ba7 34. Bc5 Bb8 35. Bb6+ Kc8 36. c7 Bxc7 37. Bxc7 Kxc7 38. Kc5 f5 39. h4 g6 40.
f3 h6 41. f4 h5 42. g3 Kd7 43. Kb6 Kd6 44. Kxa6 Kc6 45. Ka7 Kb5 46. a6 1-0

[Event "Outaouais-ch Reserves"]
[Site "Gatineau CAN"]
[Date "2018.05.01"]
[Round "5"]
[White "Raymond, Daniel"]
[Black "Rioux, Jocelyn"]
[Result "1-0"]
[WhiteElo "1725"]
[BlackElo "1617"]
[PlyCount "61"]
[EventDate "2018.04.03"]
[EventType "swiss"]
[EventRounds "7"]
[EventCountry "CAN"]

1. e4 e6 2. d4 d5 3. exd5 exd5 4. c4 dxc4 5. Bxc4 Nf6 6. Nf3 Bb4+ 7. Nc3 Ne4 8.
O-O O-O 9. Nxe4 Re8 10. Neg5 Be6 11. Nxe6 fxe6 12. a3 Bd6 13. Qb3 Qf6 14. Bg5
Qf5 15. Rfe1 Kf7 16. Qxb7 Nd7 17. Qe4 Qxe4 18. Rxe4 h6 19. Bh4 Nb6 20. Bb5 Rf8
21. Ne5+ Bxe5 22. Rxe5 g5 23. Bg3 a6 24. Bc6 Rab8 25. Rae1 Nc4 26. Rxe6 Nxb2
27. Re7+ Kg6 28. R1e6+ Kf5 29. Be4+ Kg4 30. h3+ Kh5 31. Bg6# 1-0

[Event "Outaouais-ch Reserves"]
[Site "Gatineau CAN"]
[Date "2018.05.01"]
[Round "5"]
[White "Raymond, Robert"]
[Black "Lavergne, Daniel"]
[Result "0-1"]
[WhiteElo "1292"]
[BlackElo "1695"]
[PlyCount "98"]
[EventDate "2018.04.03"]
[EventType "swiss"]
[EventRounds "7"]
[EventCountry "CAN"]

1. e4 e5 2. Nf3 Nc6 3. Bb5 a6 4. Ba4 Nf6 5. Qe2 b5 6. Bb3 Bc5 7. h3 O-O 8. O-O
d6 9. c3 Bb7 10. d3 h6 11. Be3 Qe7 12. Bc2 Nd7 13. Nbd2 b4 14. d4 exd4 15. cxd4
Bb6 16. Qd3 a5 17. b3 Ba6 18. Nc4 Rae8 19. Qd2 Nf6 20. Rfe1 Bxc4 21. bxc4 b3
22. axb3 Nb4 23. Bb1 Nxe4 24. Bxe4 Qxe4 25. d5 Bxe3 26. Rxe3 Qc2 27. Rxe8 Rxe8
28. Re1 Rxe1+ 29. Qxe1 Qxb3 30. Qe8+ Kh7 31. Qb5 a4 32. c5 Nd3 33. Qxb3 axb3
34. cxd6 b2 35. Nd2 cxd6 36. Kf1 Nf4 37. h4 Nxd5 38. Ke1 Nc3 39. g3 b1=Q+ 40.
Nxb1 Nxb1 41. Ke2 Kg6 42. f3 Kf5 43. Ke3 Nc3 44. g4+ Ke5 45. f4+ Kd5 46. Kd3
Nd1 47. g5 hxg5 48. hxg5 g6 49. Ke2 Ke4 0-1

[Event "Outaouais-ch Reserves"]
[Site "Gatineau CAN"]
[Date "2018.05.01"]
[Round "5"]
[White "Yuan, Eric"]
[Black "Chen, Annie"]
[Result "1-0"]
[WhiteElo "961"]
[BlackElo "1034"]
[PlyCount "42"]
[EventDate "2018.04.03"]
[EventType "swiss"]
[EventRounds "7"]
[EventCountry "CAN"]

1. e4 e6 2. d4 Nc6 3. Nf3 b6 4. Nc3 Nge7 5. Bd3 Ng6 6. O-O Bd6 7. Re1 Nf4 8.
Bxf4 Bxf4 9. d5 Nb4 10. a3 Nxd3 11. cxd3 Ba6 12. Ne2 Bd6 13. Ng3 Be7 14. dxe6
dxe6 15. Qa4+ b5 16. Qxa6 O-O 17. Qxb5 Bf6 18. e5 Rb8 19. Qc5 Be7 20. Qxa7 h6
21. Red1 Rb7 1-0

[Event "Outaouais-ch Reserves"]
[Site "Gatineau CAN"]
[Date "2018.05.08"]
[Round "6"]
[White "Berthiaume, Maxime"]
[Black "Celac, Ekaterina"]
[Result "0-1"]
[WhiteElo "948"]
[BlackElo "1251"]
[PlyCount "50"]
[EventDate "2018.04.03"]
[EventType "swiss"]
[EventRounds "7"]
[EventCountry "CAN"]

1. b3 e5 2. Bb2 d6 3. e3 Nc6 4. Nf3 g6 5. Bb5 Nge7 6. Nc3 Be6 7. Ng5 a6 8. Nxe6
fxe6 9. Bd3 Bg7 10. Ne4 d5 11. Ng5 Qd7 12. Qf3 Rf8 13. Qg3 O-O-O 14. Nxh7 Rg8
15. f3 e4 16. Nf6 Nf5 17. Qg5 Qe7 18. Be2 Rgf8 19. Qxg6 Bxf6 20. Bxf6 Rxf6 21.
Qh5 Rh6 22. Qg4 Nb4 23. Kd1 Qf6 24. c3 Nd3 25. fxe4 Nf2+ 0-1

[Event "Outaouais-ch Reserves"]
[Site "Gatineau CAN"]
[Date "2018.05.08"]
[Round "6"]
[White "Berthiaume, Serge"]
[Black "Raymond, Daniel"]
[Result "1-0"]
[WhiteElo "1466"]
[BlackElo "1725"]
[PlyCount "111"]
[EventDate "2018.04.03"]
[EventType "swiss"]
[EventRounds "7"]
[EventCountry "CAN"]

1. e4 e6 2. Nc3 d5 3. exd5 exd5 4. d4 Nf6 5. Bd3 Be7 6. Bf4 O-O 7. Nge2 a6 8.
O-O b5 9. Ng3 Nc6 10. Nce2 Nb4 11. Bf5 g6 12. Bxc8 Rxc8 13. c3 Nc6 14. Bd2 Qd7
15. f3 Na5 16. Bh6 Rfe8 17. Nf4 Nc4 18. Nd3 Bf8 19. Bf4 Bd6 20. Bd2 Ne3 21.
Bxe3 Rxe3 22. Qc2 h5 23. f4 h4 24. Ne5 Bxe5 25. fxe5 Ng4 26. Ne2 Re4 27. Rf4
Ne3 28. Qd3 Rxf4 29. Nxf4 Nc4 30. b3 Nb6 31. Rf1 Qg4 32. Qd2 Kg7 33. Nh3 Nd7
34. Rf4 Qh5 35. Rf2 Rf8 36. Nf4 Qh6 37. Nxd5 Qxd2 38. Rxd2 c5 39. Nc7 cxd4 40.
cxd4 Rd8 41. e6 Nf6 42. e7 Rc8 43. Rc2 Ne8 44. Ne6+ fxe6 45. Rxc8 Kf7 46. Ra8
Kxe7 47. Rxa6 Nd6 48. Kf2 Nf5 49. d5 g5 50. Rxe6+ Kf7 51. a4 bxa4 52. bxa4 Nd4
53. Rb6 Ke7 54. a5 Kd7 55. a6 Kc7 56. a7 1-0

[Event "Outaouais-ch Reserves"]
[Site "Gatineau CAN"]
[Date "2018.05.08"]
[Round "6"]
[White "Chen, Annie"]
[Black "Celac, Jasmine"]
[Result "1-0"]
[WhiteElo "1034"]
[BlackElo "1028"]
[PlyCount "49"]
[EventDate "2018.04.03"]
[EventType "swiss"]
[EventRounds "7"]
[EventCountry "CAN"]

1. e3 d5 2. c3 Nc6 3. Ne2 e5 4. Ng3 Nf6 5. Bb5 Bd7 6. Be2 a6 7. d4 Be7 8. Na3
O-O 9. Nh5 Nxh5 10. Bxh5 Qe8 11. Qf3 g6 12. Bg4 Ra7 13. Qd1 h5 14. Bf3 Bg4 15.
h3 Qd7 16. hxg4 hxg4 17. Bxg4 Qxg4 18. Qxg4 Raa8 19. e4 dxe4 20. Qxe4 Rad8 21.
Bh6 Rd7 22. d5 Rdd8 23. dxc6 bxc6 24. Qxe5 Rd6 25. Qg7# 1-0

[Event "Outaouais-ch Reserves"]
[Site "Gatineau CAN"]
[Date "2018.05.08"]
[Round "6"]
[White "Chen, Daniel"]
[Black "Celac, Natalia"]
[Result "1-0"]
[WhiteElo "996"]
[BlackElo "983"]
[PlyCount "93"]
[EventDate "2018.04.03"]
[EventType "swiss"]
[EventRounds "7"]
[EventCountry "CAN"]

1. e4 e5 2. Nc3 Nc6 3. Bb5 Bb4 4. Qe2 Qe7 5. Bxc6 dxc6 6. Nf3 Nf6 7. a3 Bc5 8.
d3 Bg4 9. Bg5 h6 10. Bxf6 gxf6 11. Rg1 O-O-O 12. Na4 Bd6 13. Qe3 Rhg8 14. h3
Be6 15. Qxa7 Kd7 16. Qxb7 Ke8 17. Qxc6+ Bd7 18. Qa6 h5 19. Nd2 Qe6 20. Nc4 Ke7
21. Nxd6 Qxd6 22. Qc4 Ra8 23. b3 Be6 24. Qb5 Rac8 25. c4 c6 26. Qb7+ Qd7 27.
Qb4+ c5 28. Qb5 Qd6 29. Rb1 Rcd8 30. b4 Qxd3 31. Qxc5+ Ke8 32. Qe3 Qxc4 33. Rc1
Qa2 34. Qc3 Bd7 35. Qb2 Qe6 36. Nc5 Qc6 37. b5 Qxe4+ 38. Nxe4 f5 39. Nf6+ Kf8
40. Qb4+ Kg7 41. Nxd7 Rxd7 42. g4 hxg4 43. hxg4 fxg4 44. Rxg4+ Kh7 45. Qe4+ f5
46. Qxf5+ Kh8 47. Qh5+ 1-0

[Event "Outaouais-ch Reserves"]
[Site "Gatineau CAN"]
[Date "2018.05.08"]
[Round "6"]
[White "Ramesh, Sanjay"]
[Black "Arcand, Pierre"]
[Result "1-0"]
[WhiteElo "1400"]
[BlackElo "1173"]
[PlyCount "73"]
[EventDate "2018.04.03"]
[EventType "swiss"]
[EventRounds "7"]
[EventCountry "CAN"]

1. e4 e5 2. Nf3 Nc6 3. d4 exd4 4. Nxd4 Nxd4 5. Qxd4 Be7 6. Qxg7 Bf6 7. Qg3 d6
8. Nc3 Qe7 9. Bd3 Be5 10. Qf3 Be6 11. a3 O-O-O 12. a4 Qd7 13. Qe3 Bxc3+ 14.
bxc3 Qc6 15. Bd2 a6 16. Rb1 Bc4 17. Qa7 Bxd3 18. cxd3 Kd7 19. Qxb7 Ne7 20. Ke2
Qxb7 21. Rxb7 Nc6 22. c4 Rb8 23. Rhb1 Rxb7 24. Rxb7 Ra8 25. f4 f5 26. h4 Re8
27. Ke3 fxe4 28. dxe4 Rg8 29. Kf2 Rg4 30. g3 h5 31. Bc3 Kc8 32. Rb1 Kd7 33. Rd1
Ke6 34. Rd5 Kf7 35. Rxh5 Kg6 36. Rh8 Ne7 37. Kf3 1-0

[Event "Outaouais-ch Reserves"]
[Site "Gatineau CAN"]
[Date "2018.05.08"]
[Round "6"]
[White "Rioux, Jocelyn"]
[Black "Labrie, Dany"]
[Result "1-0"]
[WhiteElo "1617"]
[BlackElo "1298"]
[PlyCount "119"]
[EventDate "2018.04.03"]
[EventType "swiss"]
[EventRounds "7"]
[EventCountry "CAN"]

1. e4 c5 2. Nf3 Nc6 3. d4 e6 4. Nc3 a6 5. d5 Na7 6. Be3 b5 7. d6 Qb6 8. e5 Bb7
9. b4 g6 10. Bxc5 Qd8 11. Bd3 Nc6 12. Be4 Bg7 13. Qd3 Nh6 14. h3 O-O 15. O-O f6
16. Bxc6 Bxc6 17. exf6 Bxf6 18. Nd4 Bb7 19. a4 Qe8 20. axb5 e5 21. Nde2 e4 22.
Qc4+ Qf7 23. Qxf7+ Rxf7 24. bxa6 Rxa6 25. Rxa6 Bxa6 26. b5 Bb7 27. Bb4 Be5 28.
Ng3 Rf4 29. Nce2 Rh4 30. Bc3 Bxd6 31. Bf6 Bxg3 32. Nxg3 Rf4 33. Bg5 Rf8 34.
Bxh6 Rc8 35. Rc1 Rc5 36. b6 Kf7 37. Be3 Rc4 38. c3 d5 39. Bd4 Ke6 40. Ra1 Kd6
41. Ra7 Kc6 42. Nf1 Bc8 43. Ne3 Rxd4 44. cxd4 Bb7 45. Rxb7 Kxb7 46. Nxd5 Kc6
47. Kf1 g5 48. Ke2 h6 49. Ke3 h5 50. Kxe4 g4 51. hxg4 hxg4 52. f3 g3 53. f4 Kb7
54. f5 Ka6 55. f6 Kb7 56. f7 Kb8 57. f8=Q+ Kb7 58. Qe7+ Ka6 59. b7 Ka7 60.
b8=Q+ 1-0

[Event "Outaouais-ch Reserves"]
[Site "Gatineau CAN"]
[Date "2018.05.08"]
[Round "6"]
[White "Sabourin, Yves"]
[Black "Masse-Garneau, Anthony"]
[Result "1/2-1/2"]
[WhiteElo "1501"]
[BlackElo "1549"]
[PlyCount "104"]
[EventDate "2018.04.03"]
[EventType "swiss"]
[EventRounds "7"]
[EventCountry "CAN"]

1. d4 d5 2. c4 c6 3. Nf3 Nf6 4. e3 Bf5 5. Nc3 e6 6. Be2 h6 7. O-O Bd6 8. c5 Bc7
9. b4 Nbd7 10. b5 e5 11. bxc6 bxc6 12. Bd2 O-O 13. Qa4 Nb8 14. Nxe5 Bxe5 15.
dxe5 Nfd7 16. Qd4 Qe7 17. e4 dxe4 18. Nxe4 Nxe5 19. f4 Rd8 20. Nd6 Bg4 21. Qe3
Bxe2 22. Qxe2 Ng6 23. Qc4 a5 24. Rfe1 Qf8 25. f5 Nh8 26. Qg4 Nd7 27. Be3 Nf6
28. Qf3 Ne8 29. Nxe8 Rxe8 30. Qxc6 Re5 31. g4 Rae8 32. Bf2 Rxe1+ 33. Rxe1 Rxe1+
34. Bxe1 Qd8 35. Qd6 Qxd6 36. cxd6 Kf8 37. Bxa5 Ke8 38. Bc3 f6 39. a4 Kd7 40.
Bb4 Nf7 41. Kf2 Ne5 42. Kg3 Kc6 43. a5 g5 44. a6 Kb6 45. Bc3 Nd7 46. h4 Kxa6
47. Kf3 Kb5 48. hxg5 hxg5 49. Ke4 Kc6 50. Bb4 Ne5 51. Bc3 Nxg4 52. Kf3 Nh6
1/2-1/2

[Event "Outaouais-ch Reserves"]
[Site "Gatineau CAN"]
[Date "2018.05.08"]
[Round "6"]
[White "Simard, Paul"]
[Black "Bourbonnais, Luc"]
[Result "0-1"]
[WhiteElo "1200"]
[BlackElo "1356"]
[PlyCount "74"]
[EventDate "2018.04.03"]
[EventType "swiss"]
[EventRounds "7"]
[EventCountry "CAN"]

1. d4 Nf6 2. Nf3 g6 3. Bf4 Bg7 4. e3 O-O 5. Bc4 d5 6. Bb3 c5 7. dxc5 Qa5+ 8.
Nc3 Ne4 9. O-O Nxc3 10. bxc3 Bxc3 11. Rb1 Nc6 12. Bxd5 Rd8 13. e4 e6 14. Qd3 a6
15. Qe3 exd5 16. exd5 Rxd5 17. Rb3 Qxc5 18. Rxc3 Qxe3 19. Rxe3 Be6 20. a4 Rad8
21. h3 Kg7 22. Rb1 Rd1+ 23. Rxd1 Rxd1+ 24. Re1 Rd5 25. Ne5 Nd4 26. c4 Ra5 27.
Rb1 Ne2+ 28. Kh2 Nxf4 29. Nf3 Rxa4 30. c5 Bc8 31. Rc1 Nd3 32. Rc2 Bd7 33. Rd2
Nxc5 34. Ne5 Be6 35. f3 f6 36. Nd3 Nxd3 37. Rxd3 b5 0-1

[Event "Outaouais-ch Reserves"]
[Site "Gatineau CAN"]
[Date "2018.05.08"]
[Round "6"]
[White "Traversy, Pierre"]
[Black "Legare, Gilles"]
[Result "0-1"]
[WhiteElo "1226"]
[BlackElo "1046"]
[PlyCount "53"]
[EventDate "2018.04.03"]
[EventType "swiss"]
[EventRounds "7"]
[EventCountry "CAN"]

1. d4 d6 2. e4 e6 3. Nc3 a6 4. Nf3 h6 5. d5 e5 6. a3 b6 7. Be3 Bb7 8. b4 Nd7 9.
b5 a5 10. a4 Ne7 11. g3 Bc8 12. Bh3 Ng6 13. O-O Nf6 14. Qd3 $4 Bxh3 15. Rfe1
Bg4 16. Kg2 Qd7 17. Rh1 Bh3+ 18. Kg1 Be7 19. Qe2 Nf4 20. Bxf4 exf4 21. e5 Ng4
22. e6 fxe6 23. Qxe6 Qxe6 24. dxe6 O-O 25. Nd5 Rfe8 26. Nxc7 Bf6 27. Rd1 {
Les Noirs exÃ cutent un coup illÃ gal, ils capturent d6 mais les Blancs nÃ
gligent le coup et perdent la partie au 35e coup.} 0-1

[Event "Outaouais-ch Reserves"]
[Site "Gatineau CAN"]
[Date "2018.05.08"]
[Round "6"]
[White "Yuan, Eric"]
[Black "Raymond, Robert"]
[Result "1-0"]
[WhiteElo "961"]
[BlackElo "1292"]
[PlyCount "45"]
[EventDate "2018.04.03"]
[EventType "swiss"]
[EventRounds "7"]
[EventCountry "CAN"]

1. e4 e5 2. Nf3 Nc6 3. Nc3 Nf6 4. Bc4 Bc5 5. d3 d6 6. Bg5 O-O 7. Nd5 Be6 8.
Nxf6+ gxf6 9. Bh6 Re8 10. Bxe6 Rxe6 11. O-O f5 12. Bg5 f6 13. exf5 Re8 14. Bh6
d5 15. Nh4 Bf8 16. Bd2 Kh8 17. Qh5 Ne7 18. Bh6 Bxh6 19. Qxh6 Rf8 20. Rfe1 d4
21. Re4 Qe8 22. Rg4 Rg8 23. Qxf6+ 1-0

[Event "Outaouais-ch Reserves"]
[Site "Gatineau CAN"]
[Date "2018.05.15"]
[Round "7"]
[White "Arcand, Pierre"]
[Black "Traversy, Pierre"]
[Result "0-1"]
[WhiteElo "1173"]
[BlackElo "1226"]
[PlyCount "72"]
[EventDate "2018.04.03"]
[EventType "swiss"]
[EventRounds "7"]
[EventCountry "CAN"]

1. e4 e5 2. Nf3 Nc6 3. Bc4 Be7 4. O-O d6 5. Nc3 Bg4 6. h3 Bh5 7. d3 Qd7 8. Nd5
Nd4 9. g4 Bxg4 10. Nxe7 Nxe7 11. hxg4 Qxg4+ 12. Kh1 Nxf3 13. Qxf3 Qxf3+ 14. Kh2
Ng6 15. Be3 Qh5+ 16. Kg3 Qh4+ 17. Kg2 Qg4+ 18. Kh1 Qh3+ 19. Kg1 Qf3 20. Rfd1
Nh4 21. Kf1 Ng2 22. Kg1 h5 23. d4 h4 24. dxe5 h3 25. Kh2 Nxe3 26. Rg1 Qxf2+ 27.
Kh1 Qf3+ 28. Kh2 Ng4+ 29. Rxg4 Qxg4 30. Rg1 Qf4+ 31. Kh1 Qxe4+ 32. Kh2 Qxc4 33.
exd6 cxd6 34. Re1+ Kd7 35. Rg1 Qxc2+ 36. Kh1 g6 0-1

[Event "Outaouais-ch Reserves"]
[Site "Gatineau CAN"]
[Date "2018.05.15"]
[Round "7"]
[White "Bourbonnais, Luc"]
[Black "Legare, Gilles"]
[Result "1-0"]
[WhiteElo "1356"]
[BlackElo "1046"]
[PlyCount "109"]
[EventDate "2018.04.03"]
[EventType "swiss"]
[EventRounds "7"]
[EventCountry "CAN"]

1. e4 d6 2. d4 e6 3. Nf3 h6 4. Nc3 a6 5. Bf4 g6 6. Qd2 b6 7. O-O-O Bb7 8. e5 d5
9. Kb1 Ne7 10. g4 b5 11. Bg2 Nd7 12. h3 Nb6 13. b3 Rb8 14. Qd3 b4 15. Ne2 Qd7
16. c3 a5 17. cxb4 a4 18. Bc1 Bc6 19. Nc3 axb3 20. axb3 Nec8 21. b5 Bb7 22. Rd2
Bb4 23. Bf1 c6 24. bxc6 Bxc6 25. Rc2 Ra8 26. Ra2 Na7 27. Bb2 O-O 28. Qe3 Kg7
29. h4 Be7 30. Bc1 Rh8 31. Bd3 Qd8 32. Qe2 Qf8 33. g5 h5 34. Qc2 Qe8 35. Ne2
Bb5 36. Nf4 Rc8 37. Qd2 Bd7 38. Rxa7 Ra8 39. Qa5 Rb8 40. Ba3 Bxa3 41. Qxa3 Ra8
42. Rc1 Rc8 43. Rcc7 Rxc7 44. Rxc7 Qb8 45. Qa7 Qa8 46. Qxb6 Rb8 47. Qa7 Rxb3+
48. Kc2 Qxa7 49. Rxa7 Rb8 50. Rxd7 Kf8 51. Nd2 Ra8 52. Kb2 Ke8 53. Rb7 Kd8 54.
Rxf7 Rb8+ 55. Nb3 1-0